| 000 | 01548cam a2200457 4500 | ||
|---|---|---|---|
| 999 |
_c23147 _d23147 |
||
| 001 | vtls011749547 | ||
| 005 | 20220207131734.0 | ||
| 008 | 210202s2018 xo oa gr 000 0 slo | ||
| 020 |
_a9788055158655 _q(viazané) |
||
| 035 | _aC3655985-543F-4305-A7FC-812A27F95CA7 | ||
| 035 | _aurn:nbn:sk:snk-am3ieun | ||
| 035 | _aurn:nbn:sk:snk-am00e7bv | ||
| 040 |
_aZKSE _bslo _cZKSE _dSNK _erda |
||
| 041 | _aslo | ||
| 044 |
_axo _cSK |
||
| 072 | 7 |
_a796 _xŠport. Hry. Telesné cvičenia _2konspekt |
|
| 080 |
_a796.332 _22011 |
||
| 080 |
_a088 _22011 |
||
| 080 |
_a(048.8) _22011 |
||
| 080 |
_a(084.11) _22011 |
||
| 100 | 1 |
_aTruchlik, Ivan _4aut _4pht _92707 |
|
| 245 | 1 |
_aKuriozity a rekordy majstrovstiev sveta vo futbale _cIvan Truchlik |
|
| 250 | _aPrvé vydanie | ||
| 264 | 1 |
_aBratislava _bIkar _c2018 |
|
| 300 |
_a207 strán _bfotografie, tabuľky _c31 cm |
||
| 336 |
_atext _btxt _2rdacontent |
||
| 336 |
_astatický obraz _bsti _2rdacontent |
||
| 337 |
_abez média _bn _2rdamedia |
||
| 338 |
_azväzok _bnc _2rdacarrier |
||
| 648 | 7 |
_a20.-21. storočie _2SNKPH _91994 |
|
| 648 | 7 |
_a20th and 21st centuries _2SNKPHeng _92708 |
|
| 650 | 0 | 7 |
_afutbal _2SNKPH _92700 |
| 650 | 0 | 7 |
_akuriozity, rekordy a zaujímavosti _2SNKPH _92709 |
| 650 | 0 | 7 |
_aFootball _2SNKPHeng _92702 |
| 650 | 0 | 7 |
_aCuriosities, records and wonders _2SNKPHeng _92710 |
| 655 | 7 |
_aprehľady _2SNKPH _92711 |
|
| 655 | 7 |
_aobrazové publikácie _2SNKPH _91466 |
|
| 655 | 7 |
_aSurveys _2SNKPHeng _92712 |
|
| 655 | 7 |
_aPictorial works _2SNKPHeng _91467 |
|
| 710 | 2 |
_aProfimedia _4pht _92713 |
|